Prídavné drôty na zváranie nízkolegovaných žiarupevných ocelí typu Mo, CrMo a CrMoV, MIG technológiou v aktívnych plynoch

Bibliographic Details
Main Author: Barborka, Jozef (Author)
Format: Article
Language:Slovak

MARC

LEADER 00000nab a2200000uu 4500
001 vtls011504394
003 SK-MaSNL
005 20260303155418.0
008 230222|1971 xo |||||||||||||||||slo|
015 |a SNBRB 
035 |a (urnnbn)urn:nbn:sk:snk:ar-a0ajua 
035 |a (uuid)c0283a0f-022d-4a5d-8ed4-af06d1e768dd 
035 |a urn:nbn:sk:snk-abdy1x 
040 |a SNKBUCL  |b slo  |c SNKBUCL  |e AACR2 
041 0 |a slo 
044 |a xo  |c SK 
100 1 |a Barborka, Jozef  |4 aut  |9 445961 
245 1 0 |a Prídavné drôty na zváranie nízkolegovaných žiarupevných ocelí typu Mo, CrMo a CrMoV, MIG technológiou v aktívnych plynoch  |c Jozef Barborka 
773 0 |t Zváranie : odborný časopis československých zváračov  |g Roč. 20, č. 4 (1971), s. 110-121 
954 |a odborná, vedecká literatúra pôvodná (slovenská)  |2 lita 
958 |a OND 
958 |a EUIPO 
958 |a article20 
999 |c 2040080  |d 2042010